[Event "ICS rated blitz match"]
[Site "204.178.125.65"]
[Date "2001.08.20"]
[Round "?"]
[White "IgorIvanov"]
[Black "Hossa"]
[Result "1/2-1/2"]
[WhiteElo "2492"]
[BlackElo "2541"]
[PlyCount "186"]
[EventDate "2001.??.??"]

1. d4 Nf6 2. c4 e6 3. Nf3 d5 4. Bg5 dxc4 5. e3 b5 6. a4 c6 7. Nc3 Bb4 8. Be2
O-O 9. O-O Nbd7 10. Nd2 Qb6 11. Bf3 Bb7 12. Qc2 a5 13. Rfc1 Bd6 14. Nde4 Be7
15. Bxf6 Nxf6 16. Nxf6+ Bxf6 17. Ne4 Be7 18. h4 Rab8 19. Ng5 Bxg5 20. hxg5 c5
21. dxc5 Qxc5 22. Bxb7 Rxb7 23. axb5 Qxb5 24. g6 fxg6 25. Qxc4 Qxc4 26. Rxc4
Rxb2 27. f3 Ra8 28. Raa4 Rb7 29. Rc5 Rba7 30. e4 Kf7 31. Kh2 Kf6 32. f4 Ke7 33.
e5 h6 34. Kh3 Ke8 35. g3 Kd7 36. Kg4 Ke7 37. Kh4 Kf8 38. Kg4 Kf7 39. Kh4 Kg8
40. Kg4 Ra6 41. Kh4 R8a7 42. Kg4 Kf7 43. Kh4 Ke8 44. Kg4 Ke7 45. Kh4 Kf8 46.
Kg4 Ke8 47. Rc8+ Kf7 48. Rc5 Kf8 49. Rc8+ Ke7 50. Rc5 Ra8 51. Rc7+ Kf8 52. Kh4
R6a7 53. Rc5 Ke7 54. Kg4 Kd7 55. Rd4+ Ke8 56. Ra4 Kd8 57. Kh4 Ra6 58. Rd4+ Ke8
59. Ra4 Ke7 60. Rc7+ Kf8 61. Rc5 Kg8 62. Kg4 Kh7 63. Rb5 Kh8 64. Rc5 R8a7 65.
Rc8+ Kh7 66. Rc5 Kg8 67. Rc8+ Kh7 68. Rc5 g5 69. fxg5 Kg6 70. gxh6 gxh6 71. Kf4
h5 72. Kf3 Kg5 73. Kg2 Ra8 74. Kh3 Kg6 75. Kh4 Rb6 76. Rcxa5 Rxa5 77. Rxa5 Rb1
78. Kh3 Kf5 79. Ra8 Re1 80. Rh8 Kxe5 81. Rxh5+ Ke4 82. Kg2 Re2+ 83. Kf1 Rd2 84.
g4 e5 85. g5 Kf3 86. Ke1 Rg2 87. g6 e4 88. Rh3+ Kg4 89. Ra3 Kf4 90. g7 Rxg7 91.
Kf2 Rh7 92. Ke2 Rh1 93. Kf2 Rh7 {Game drawn by mutual agreement} 1/2-1/2

[Event "ICS rated blitz match"]
[Site "204.178.125.65"]
[Date "2001.08.20"]
[Round "?"]
[White "Hossa"]
[Black "Dameeater"]
[Result "1-0"]
[WhiteElo "2539"]
[BlackElo "2055"]
[PlyCount "43"]
[EventDate "2001.??.??"]

1. d4 d5 2. c3 Nc6 3. Nf3 Bg4 4. Bf4 f6 5. Nbd2 Nh6 6. e4 e6 7. Bxh6 gxh6 8.
Bb5 Bg7 9. O-O O-O 10. Qc2 a6 11. exd5 axb5 12. dxc6 bxc6 13. Qe4 Bf5 14. Qxc6
Qd5 15. Qxc7 Rxa2 16. c4 Qa8 17. Rxa2 Qxa2 18. cxb5 Qxb2 19. b6 h5 20. b7 Bd3
21. Re1 Ba6 22. Rb1 {Dameeater resigns} 1-0

[Event "ICS rated blitz match"]
[Site "204.178.125.65"]
[Date "2001.08.20"]
[Round "?"]
[White "IgorIvanov"]
[Black "Hossa"]
[Result "1-0"]
[WhiteElo "2494"]
[BlackElo "2541"]
[PlyCount "71"]
[EventDate "2001.??.??"]

1. e4 c5 2. Nf3 d6 3. Bb5+ Nc6 4. O-O Bg4 5. h3 Bh5 6. Re1 e5 7. c3 Nf6 8. d4
cxd4 9. cxd4 Bxf3 10. Qxf3 exd4 11. e5 dxe5 12. Bxc6+ bxc6 13. Qxc6+ Nd7 14.
Rxe5+ Be7 15. Rxe7+ Kxe7 16. Bf4 Kf8 17. Na3 Nb6 18. Rd1 Rc8 19. Qb7 Qe7 20.
Qf3 Qc5 21. Qg3 Qh5 22. Rxd4 Kg8 23. Be5 f6 24. Bc7 Qf7 25. Bxb6 axb6 26. Nc4
Qe6 27. Nd6 Ra8 28. Re4 Qxa2 29. Re7 g5 30. Nf5 Rd8 31. Qc7 Rd1+ 32. Kh2 Rh1+
33. Kxh1 Qa1+ 34. Kh2 Qg1+ 35. Kxg1 h5 36. Qc8# {Hossa checkmated} 1-0

[Event "ICS rated blitz match"]
[Site "204.178.125.65"]
[Date "2001.08.20"]
[Round "?"]
[White "Hossa"]
[Black "IgorIvanov"]
[Result "1-0"]
[WhiteElo "2523"]
[BlackElo "2524"]
[PlyCount "173"]
[EventDate "2001.??.??"]

1. e4 d6 2. d4 g6 3. Nc3 Bg7 4. Be3 c6 5. Nf3 Bg4 6. h3 Bxf3 7. Qxf3 Nd7 8.
O-O-O e6 9. Bf4 Nb6 10. Kb1 Nf6 11. Bg5 h6 12. Bh4 g5 13. Bg3 d5 14. e5 Nfd7
15. h4 Qe7 16. hxg5 hxg5 17. Rxh8+ Bxh8 18. Bd3 O-O-O 19. Rh1 Bg7 20. Qe3 Rh8
21. Rxh8+ Bxh8 22. f4 gxf4 23. Qxf4 Bg7 24. Bh4 f6 25. Qf2 Qf8 26. exf6 Bxf6
27. g3 Qg7 28. Ne2 Na8 29. c3 Nc7 30. Nf4 Qh6 31. Ng6 Qg7 32. Kc2 b6 33. a4 c5
34. Bxf6 Qxf6 35. Qxf6 Nxf6 36. Ne5 Nce8 37. g4 Nd7 38. Nf7 Kc7 39. g5 Ng7 40.
Kd2 c4 41. Bc2 a6 42. Ke3 Nf8 43. g6 Kd7 44. Kf4 Ke7 45. Kg5 Nd7 46. Kh6 Kf8
47. Bb1 Nf6 48. Ne5 b5 49. axb5 axb5 50. Kg5 Nfe8 51. Nc6 Nc7 52. Kf6 Nge8+ 53.
Ke5 Ng7 54. Kd6 Nce8+ 55. Kc5 Nh5 56. Kxb5 Nf4 57. Kb6 Kg7 58. Ne5 Kf6 59. Kc6
Ke7 60. Bc2 Ng7 61. Ng4 Ng2 62. Kb7 Ne1 63. Bb1 Nf3 64. Kc6 Nd2 65. Bc2 Nf3 66.
Bd1 Ng5 67. Kb7 Ne4 68. Bc2 Nf6 69. Ne5 Nd7 70. Nf7 Ne8 71. Ba4 Ng7 72. Kc7 Nf6
73. Ne5 Ne4 74. Bc2 Nf6 75. Nc6+ Kf8 76. Kd6 Nfe8+ 77. Ke5 Nc7 78. Ba4 Na8 79.
Kd6 Nb6 80. Bd1 Ke8 81. Na7 Kd8 82. Bg4 Na4 83. Nc6+ Ke8 84. Bxe6 Nxb2 85. Ne7
Nd1 86. Nxd5 Nxc3 87. Nxc3 {IgorIvanov resigns} 1-0

[Event "ICS rated blitz match"]
[Site "204.178.125.65"]
[Date "2001.08.20"]
[Round "?"]
[White "Hossa"]
[Black "IgorIvanov"]
[Result "1-0"]
[WhiteElo "2539"]
[BlackElo "2529"]
[PlyCount "37"]
[EventDate "2001.??.??"]

1. e4 e5 2. Nf3 Nc6 3. Bb5 Nf6 4. O-O Nxe4 5. Re1 Nd6 6. Nxe5 Nxe5 7. Rxe5+ Be7
8. Bd3 O-O 9. Nc3 Ne8 10. Qh5 Nf6 11. Qh4 d6 12. Rxe7 Qxe7 13. Bxh7+ Kh8 14.
Be4+ Kg8 15. Nd5 Re8 16. Nxe7+ Rxe7 17. d3 d5 18. Bh7+ Kf8 19. Bg5 {
IgorIvanov resigns} 1-0

[Event "ICS rated blitz match"]
[Site "204.178.125.65"]
[Date "2001.08.20"]
[Round "?"]
[White "IgorIvanov"]
[Black "Hossa"]
[Result "0-1"]
[WhiteElo "2507"]
[BlackElo "2555"]
[PlyCount "68"]
[EventDate "2001.??.??"]

1. d4 Nf6 2. c4 e6 3. Nf3 d5 4. Bg5 Bb4+ 5. Nc3 Bxc3+ 6. bxc3 Nbd7 7. cxd5 exd5
8. e3 h6 9. Bh4 Nb6 10. Ne5 O-O 11. Bd3 Be6 12. O-O Rb8 13. f4 Qe7 14. f5 Bc8
15. Qf3 Qd6 16. Rae1 Re8 17. g4 Qa3 18. g5 hxg5 19. Bxg5 Nfd7 20. Bf4 Nxe5 21.
Bxe5 Rxe5 22. dxe5 Qxc3 23. e4 Nd7 24. e6 Ne5 25. Qg3 Nxd3 26. e5 Qd4+ 27. Re3
Nc5 28. e7 Bd7 29. e6 Bc6 30. exf7+ Kxf7 31. Rf4 Ne4 32. Qg6+ Kxe7 33. Qe6+ Kf8
34. Rfxe4 dxe4 {IgorIvanov resigns} 0-1

[Event "ICS Rated standard match"]
[Site "204.178.125.65"]
[Date "2001.08.20"]
[Round "?"]
[White "Expert13"]
[Black "Hossa"]
[Result "0-1"]
[WhiteElo "2124"]
[BlackElo "2275"]
[PlyCount "126"]
[EventDate "2001.??.??"]

1. Nc3 c5 2. e4 Nc6 3. g3 Nf6 4. Nf3 d5 5. exd5 Nxd5 6. Bb5 Nxc3 7. Bxc6+ bxc6
8. bxc3 Bh3 9. Qe2 Qd5 10. c4 Qf5 11. Ne5 f6 12. Nd3 e5 13. Nf4 Bd6 14. Nxh3
Qxh3 15. Qf3 Rc8 16. Rb1 O-O 17. d3 Rfe8 18. Be3 Rc7 19. Qe4 f5 20. Qf3 e4 21.
dxe4 fxe4 22. Qe2 Rf8 23. Rd1 Be5 24. a4 Rcf7 25. Kd2 Rd8+ 26. Kc1 Rb8 27. c3
Bxc3 28. Bxc5 Qe6 29. Bd6 Bb2+ 30. Kb1 Rbb7 31. Ka2 Rxf2 32. Rhf1 Rxf1 33. Qxf1
Bf6 34. Ba3 Rb8 35. Qe2 e3 36. Rb1 Rxb1 37. Kxb1 Qe5 38. Bc1 Qa1+ 39. Kc2 Qxa4+
40. Kd3 Qb3+ 41. Ke4 Qb1+ 42. Kxe3 Qxc1+ 43. Kf3 Kf7 44. Kg2 Qb2 45. Qxb2 Bxb2
46. Kf3 a5 47. Ke4 a4 48. Kd3 Ke6 49. Kc2 Bd4 50. Kb1 Ke5 51. Ka2 Bc5 52. Kb2
Kd4 53. Ka2 Kxc4 54. Kb2 a3+ 55. Ka2 h5 56. h3 g5 57. g4 hxg4 58. hxg4 Kc3 59.
Kb1 Bb4 60. Ka2 Kc2 61. Ka1 Kb3 62. Kb1 a2+ 63. Kc1 a1=Q# {Expert13 checkmated}
0-1

[Event "ICS Rated blitz match"]
[Site "204.178.125.65"]
[Date "2001.08.20"]
[Round "?"]
[White "Hossa"]
[Black "fatinho"]
[Result "1-0"]
[WhiteElo "2569"]
[BlackElo "2017"]
[PlyCount "27"]
[EventDate "2001.??.??"]

1. d4 d5 2. c3 Bf5 3. g3 e6 4. Bh3 Bxh3 5. Nxh3 Qd7 6. O-O e5 7. Ng5 e4 8. f3
h6 9. Nxf7 Qxf7 10. fxe4 Qe6 11. exd5 Qxd5 12. e4 Qd7 13. Qh5+ Ke7 14. Rf7+ {
fatinho resigns} 1-0

[Event "ICS Rated blitz match"]
[Site "204.178.125.65"]
[Date "2001.08.20"]
[Round "?"]
[White "Hossa"]
[Black "knightmare51"]
[Result "1-0"]
[WhiteElo "2571"]
[BlackElo "2201"]
[PlyCount "121"]
[EventDate "2001.??.??"]

1. d4 e6 2. c4 b6 3. Nf3 Bb7 4. Nc3 Bb4 5. Qb3 Bxc3+ 6. Qxc3 Nf6 7. Bg5 h6 8.
Bxf6 Qxf6 9. O-O-O O-O 10. h4 c5 11. Rg1 Bxf3 12. Qxf3 Qxf3 13. gxf3 d6 14.
dxc5 dxc5 15. Bg2 Na6 16. Rd7 Rfd8 17. Rgd1 Rxd7 18. Rxd7 Kf8 19. f4 Re8 20.
Rxa7 Nb8 21. Rb7 g6 22. Rxb6 Rc8 23. Bb7 Rc7 24. Be4 Nd7 25. Rb7 Rxb7 26. Bxb7
Nb6 27. b3 Ke7 28. a4 Kd6 29. a5 Nd7 30. a6 Kc7 31. Kd2 Kb6 32. f5 gxf5 33. Kd3
Nb8 34. h5 Nxa6 35. Bxa6 Kxa6 36. Kd2 Kb6 37. f3 e5 38. f4 e4 39. Kc3 Ka5 40.
e3 Ka6 41. b4 Kb6 42. bxc5+ Kxc5 43. Kb3 f6 44. Kc3 Kc6 45. Kd4 Kd6 46. c5+ Kc6
47. Kc4 Kc7 48. Kd5 Kd7 49. c6+ Kc7 50. Ke6 Kxc6 51. Kxf6 Kc5 52. Kg7 Kc4 53.
Kxh6 Kd3 54. Kg5 Kxe3 55. h6 Kf2 56. h7 e3 57. Kxf5 e2 58. h8=Q e1=Q 59. Qh4+
Ke2 60. Qxe1+ Kxe1 61. Ke5 {knightmare51 resigns} 1-0

[Event "ICS rated blitz match"]
[Site "204.178.125.65"]
[Date "2001.08.20"]
[Round "?"]
[White "knightmare51"]
[Black "Hossa"]
[Result "0-1"]
[WhiteElo "2198"]
[BlackElo "2574"]
[PlyCount "60"]
[EventDate "2001.??.??"]

1. d4 Nf6 2. c4 e6 3. Nc3 Bb4 4. Qc2 d5 5. Nf3 dxc4 6. Bg5 b5 7. e4 Bb7 8. e5
Bxf3 9. gxf3 Qd5 10. Be2 Bxc3+ 11. bxc3 Nfd7 12. Qe4 f6 13. exf6 Nxf6 14. Bxf6
gxf6 15. O-O-O Nc6 16. Qxd5 exd5 17. f4 b4 18. Bf3 Rd8 19. Kc2 h5 20. h4 bxc3
21. Kxc3 Ne7 22. Rb1 Kd7 23. Rb7 Kd6 24. Rxa7 Ra8 25. Rxa8 Rxa8 26. Bxh5 Rxa2
27. f3 c5 28. dxc5+ Kxc5 29. Rd1 Nf5 30. Bg4 d4+ {knightmare51 resigns} 0-1

[Event "ICS Rated blitz match"]
[Site "204.178.125.65"]
[Date "2001.08.20"]
[Round "?"]
[White "ass"]
[Black "Hossa"]
[Result "0-1"]
[WhiteElo "2225"]
[BlackElo "2577"]
[PlyCount "82"]
[EventDate "2001.??.??"]

1. d4 Nf6 2. Nf3 e6 3. g3 b5 4. Bg2 Bb7 5. b3 Be7 6. O-O O-O 7. Nbd2 c5 8. e3
cxd4 9. exd4 Nd5 10. c4 Nc3 11. Qc2 Ne2+ 12. Kh1 bxc4 13. Nxc4 Bxf3 14. Bxf3
Nxd4 15. Qc3 Nbc6 16. Bb2 d5 17. Ne3 Bb4 18. Qc1 Nxf3 19. a3 Nd2 20. axb4 Nxf1
21. Qxf1 Nxb4 22. Ra4 a5 23. Qd1 Qe7 24. Ng4 f6 25. Ne3 Qc7 26. h4 Rfd8 27. Qg4
e5 28. Nf5 Nd3 29. Qe2 Nxb2 30. Qxb2 d4 31. b4 Qc6+ 32. Kh2 Qxa4 33. Qe2 Qxb4
34. Qg4 Ra7 35. h5 d3 36. h6 Qxg4 37. hxg7 Qxf5 38. Kg2 d2 39. f4 d1=Q 40. Kf2
Rd2+ 41. Ke3 Qd3# {ass checkmated} 0-1

[Event "ICS Rated blitz match"]
[Site "204.178.125.65"]
[Date "2001.08.20"]
[Round "?"]
[White "Hossa"]
[Black "Apsolid"]
[Result "1-0"]
[WhiteElo "2581"]
[BlackElo "2261"]
[PlyCount "111"]
[EventDate "2001.??.??"]

1. e4 c6 2. d3 d5 3. Nd2 e5 4. Ngf3 Bd6 5. Qe2 Qe7 6. d4 exd4 7. exd5 Nf6 8.
Qxe7+ Bxe7 9. dxc6 Nxc6 10. Nb3 Bg4 11. Nbxd4 Nxd4 12. Nxd4 O-O-O 13. Be3 Nd5
14. Be2 Nxe3 15. fxe3 Bd7 16. Rd1 Bg5 17. Kf2 Rhe8 18. Rd3 Re7 19. Rc3+ Kb8 20.
Bf3 Rde8 21. Re1 g6 22. g3 Bf6 23. Rd1 h5 24. Bd5 Bg4 25. Rd2 Bxd4 26. Rxd4 Be6
27. Bxe6 Rxe6 28. Rd7 R6e7 29. Rcc7 Rxd7 30. Rxd7 f6 31. Rg7 g5 32. Rh7 Rd8 33.
Ke2 Rd5 34. Rxh5 Kc7 35. Rh7+ Kc6 36. Rf7 f5 37. h4 gxh4 38. gxh4 a5 39. Rf6+
Kc5 40. Kf3 Rd2 41. Rxf5+ Kb6 42. c4 Rxb2 43. Rb5+ Rxb5 44. cxb5 Kxb5 45. h5
Ka4 46. h6 Ka3 47. h7 Kxa2 48. h8=R b5 49. Rh5 Ka3 50. Rxb5 a4 51. e4 Ka2 52.
Ke3 a3 53. Kd4 Ka1 54. Kc3 a2 55. Rd5 Kb1 56. Rd1# {Apsolid checkmated} 1-0

[Event "ICS Rated blitz match"]
[Site "204.178.125.65"]
[Date "2001.08.20"]
[Round "?"]
[White "DaHool"]
[Black "Hossa"]
[Result "0-1"]
[WhiteElo "2431"]
[BlackElo "2585"]
[PlyCount "72"]
[EventDate "2001.??.??"]

1. d4 Nf6 2. Bg5 e6 3. Nd2 c5 4. e3 cxd4 5. exd4 d5 6. Bd3 b6 7. Ngf3 Nc6 8. c3
Bd6 9. O-O Bb7 10. Qc2 Qc7 11. Rae1 h6 12. Bh4 O-O-O 13. b4 Kb8 14. b5 Na5 15.
Ne5 g5 16. Bg3 h5 17. h4 Ng4 18. Ndf3 gxh4 19. Bxh4 f6 20. Ng6 Rhe8 21. g3 Rc8
22. Rc1 Ba3 23. Nf4 Bxc1 24. Rxc1 e5 25. Nxh5 e4 26. Nxf6 Nxf6 27. Bxf6 exd3
28. Qxd3 Qd7 29. Kg2 Nc4 30. Nh4 Qxb5 31. Qh7 Re2 32. Qf5 Ne3+ 33. Kf3 Nxf5 34.
Nxf5 Qd3+ 35. Kg2 Qe4+ 36. Kf1 Qf3 {DaHool resigns} 0-1

[Event "ICS Rated blitz match"]
[Site "204.178.125.65"]
[Date "2001.08.20"]
[Round "?"]
[White "Hossa"]
[Black "Tinker"]
[Result "1-0"]
[WhiteElo "2586"]
[BlackElo "2491"]
[PlyCount "119"]
[EventDate "2001.??.??"]

1. d4 Nf6 2. c4 e6 3. Nc3 Bb4 4. e3 c5 5. Nge2 cxd4 6. exd4 d5 7. a3 Be7 8.
cxd5 exd5 9. g3 Bg4 10. Bg2 Nc6 11. O-O O-O 12. Re1 Qd7 13. Qd2 Bh3 14. Bxh3
Qxh3 15. Nf4 Qf5 16. Qd3 Qxd3 17. Nxd3 Bd8 18. Be3 Bb6 19. Ne2 Ng4 20. h3 Nxe3
21. fxe3 Rfd8 22. Nc3 Rac8 23. Rac1 Ne7 24. Kg2 Re8 25. Nf4 Red8 26. g4 a6 27.
Rc2 Rd7 28. Rec1 Rdc7 29. h4 Ba5 30. b4 Bb6 31. Kf3 Kh8 32. Ke2 Ba7 33. Kd3 Rd8
34. Nfxd5 Nxd5 35. Nxd5 Rxc2 36. Rxc2 h5 37. Nf4 hxg4 38. Rc7 f6 39. Rxb7 Bb8
40. Ne6 Rg8 41. Rb6 Kh7 42. d5 g3 43. Ke2 Rc8 44. Rc6 Re8 45. Rxa6 g6 46. a4
Kh6 47. d6 g2 48. d7 Rd8 49. Nxd8 g1=Q 50. Nf7+ Kg7 51. d8=Q Qg2+ 52. Kd3 Qf1+
53. Kd2 Qxa6 54. Qe7 Qa7 55. Qxa7 Bxa7 56. Nd8 g5 57. hxg5 fxg5 58. Nc6 Bb6 59.
a5 Bc7 60. b5 {Tinker resigns} 1-0

[Event "ICS rated blitz match"]
[Site "204.178.125.65"]
[Date "2001.08.20"]
[Round "?"]
[White "Hossa"]
[Black "ChesterX"]
[Result "1-0"]
[WhiteElo "2598"]
[BlackElo "2772"]
[PlyCount "100"]
[EventDate "2001.??.??"]

1. c4 c5 2. Nc3 g6 3. g3 Nc6 4. Nf3 Bg7 5. Bg2 e6 6. O-O Nge7 7. d3 O-O 8. Kh1
d5 9. cxd5 exd5 10. Bf4 Bg4 11. Qd2 Qd7 12. Kg1 Bh3 13. Bxh3 Qxh3 14. Na4 b6
15. Kh1 d4 16. Rg1 Qg4 17. Bd6 Rae8 18. Bf4 Nf5 19. Kg2 Qh5 20. h3 Nfe7 21. Bg5
f5 22. Qc1 Nc8 23. Bf4 Rxe2 24. Re1 Re7 25. Qc4+ Kh8 26. Qd5 Nb4 27. Qc4 Rb7
28. Qb3 Rd7 29. Ne5 Re7 30. Nf3 h6 31. Rxe7 Nxe7 32. Bd6 Nbc6 33. Qe6 Rf6 34.
Qd7 Kg8 35. Re1 Bf8 36. Bxe7 Nxe7 37. Rxe7 Bxe7 38. g4 fxg4 39. hxg4 Qh3+ 40.
Kxh3 Rxf3+ 41. Kg2 Rf7 42. Qxa7 Bh4 43. Qxb6 Rxf2+ 44. Kh3 g5 45. Nxc5 Rf3+ 46.
Kg2 Rf2+ 47. Kg1 Re2 48. Qg6+ Kh8 49. Qxh6+ Kg8 50. Qg6+ Kh8 {ChesterX resigns}
1-0

[Event "ICS rated blitz match"]
[Site "204.178.125.65"]
[Date "2001.08.20"]
[Round "?"]
[White "Mefisto5000"]
[Black "Hossa"]
[Result "0-1"]
[WhiteElo "2018"]
[BlackElo "2621"]
[PlyCount "50"]
[EventDate "2001.??.??"]

1. d4 Nf6 2. Nf3 c6 3. Bf4 d6 4. e3 Nh5 5. c3 Nxf4 6. exf4 g6 7. Bd3 Bh6 8. g3
Bh3 9. Nbd2 O-O 10. Qc2 Nd7 11. Ng5 Bxg5 12. fxg5 e5 13. O-O-O exd4 14. cxd4
Qxg5 15. f4 Qa5 16. Kb1 Bg4 17. Rde1 Rfe8 18. Rxe8+ Rxe8 19. h3 Be6 20. b3 Qd5
21. Re1 Qxd4 22. f5 Nc5 23. fxe6 Qxd3 24. exf7+ Kxf7 25. Rf1+ Ke7 {
Mefisto5000 resigns} 0-1

[Event "ICS rated blitz match"]
[Site "204.178.125.65"]
[Date "2001.08.20"]
[Round "?"]
[White "Hossa"]
[Black "Mefisto5000"]
[Result "1-0"]
[WhiteElo "2622"]
[BlackElo "2017"]
[PlyCount "39"]
[EventDate "2001.??.??"]

1. d4 f5 2. Nf3 d5 3. e3 e6 4. c4 c6 5. cxd5 cxd5 6. Ne5 Nc6 7. Bb5 Bd7 8. Qh5+
Ke7 9. Bxc6 Bxc6 10. Ng6+ hxg6 11. Qxh8 Nh6 12. Nc3 Kf7 13. Bd2 b6 14. h4 Qd7
15. Qh7 Be7 16. e4 dxe4 17. Bxh6 Qxd4 18. Rd1 Qe5 19. h5 g5 20. Qg6+ {
Mefisto5000 resigns} 1-0

[Event "ICS rated blitz match"]
[Site "204.178.125.65"]
[Date "2001.08.20"]
[Round "?"]
[White "Tinker"]
[Black "Hossa"]
[Result "0-1"]
[WhiteElo "2480"]
[BlackElo "2623"]
[PlyCount "74"]
[EventDate "2001.??.??"]

1. e4 c5 2. Nf3 d6 3. d4 cxd4 4. Nxd4 Nf6 5. Nc3 a6 6. Be2 e5 7. Nb3 Be7 8. O-O
O-O 9. Be3 b6 10. Bc4 Be6 11. Bxe6 fxe6 12. Qe2 Nbd7 13. Qc4 Kf7 14. a4 Ng4 15.
Bd2 Ngf6 16. Qd3 Qc7 17. Qh3 Rac8 18. a5 b5 19. Rac1 b4 20. Na2 Nxe4 21. Bxb4
Bg5 22. Qf3+ Ndf6 23. Rcd1 Qxc2 24. Rxd6 Nxd6 25. Bxd6 Rfd8 26. Bxe5 Qe4 27.
Qxe4 Nxe4 28. Re1 Nd2 29. Nac1 Nc4 30. Bc3 Bf6 31. Bb4 Rd5 32. Kh1 Bxb2 33. Na2
Ne5 34. Rf1 Nd3 35. Bd2 Rb5 36. Na1 Bf6 37. Kg1 g6 {Tinker resigns} 0-1

[Event "ICS rated blitz match"]
[Site "204.178.125.65"]
[Date "2001.08.20"]
[Round "?"]
[White "Hossa"]
[Black "ChesterX"]
[Result "0-1"]
[WhiteElo "2633"]
[BlackElo "2751"]
[PlyCount "70"]
[EventDate "2001.??.??"]

1. c4 e5 2. g3 Nc6 3. Bg2 f5 4. Nc3 Nf6 5. d3 g6 6. Nf3 Bg7 7. O-O d6 8. d4 e4
9. Nh4 O-O 10. Bg5 h6 11. Bd2 Ne7 12. Bh1 Be6 13. d5 Bf7 14. f3 g5 15. Ng2 c6
16. dxc6 bxc6 17. fxe4 Nxe4 18. Nxe4 fxe4 19. Qc2 Qb6+ 20. Ne3 d5 21. Bc1 Bd4
22. Qd2 Be6 23. Kg2 dxc4 24. Rxf8+ Rxf8 25. Nd1 Qc5 26. Qe1 e3 27. Kg1 Bh3 28.
Bf3 g4 29. Bxg4 Bxg4 30. Nc3 Qf5 31. Bxe3 Bxe3+ 32. Kg2 Bf3+ 33. exf3 Qxf3+ 34.
Kh3 Rf5 35. Qxe3 Rh5# {Hossa checkmated} 0-1

[Event "ICS rated standard match"]
[Site "204.178.125.65"]
[Date "2001.08.20"]
[Round "?"]
[White "Hossa"]
[Black "diep"]
[Result "1-0"]
[WhiteElo "2284"]
[BlackElo "2359"]
[PlyCount "125"]
[EventDate "2001.??.??"]

1. c4 c6 2. Nc3 d5 3. d4 Nf6 4. cxd5 cxd5 5. Bf4 Nc6 6. e3 Bg4 7. f3 Bf5 8. e4
Be6 9. Bb5 dxe4 10. fxe4 Qa5 11. d5 O-O-O 12. Qa4 Qxa4 13. Nxa4 Nxd5 14. exd5
Bxd5 15. Nf3 f6 16. Nc3 e5 17. Nxd5 Rxd5 18. Bxc6 bxc6 19. Be3 Bc5 20. Ke2 e4
21. Nd2 Bxe3 22. Kxe3 Rhd8 23. Nb3 f5 24. Rac1 R8d6 25. Rhf1 g6 26. Nc5 Rd2 27.
g4 Rxb2 28. gxf5 gxf5 29. Rxf5 Rxa2 30. Rf8+ Rd8 31. Rf6 Rdd2 32. Rxc6+ Kd8 33.
Nxe4 Rd7 34. Rc8+ Ke7 35. Rg1 Kf7 36. Rcg8 Re7 37. R1g7+ Ke6 38. Rxe7+ Kxe7 39.
Rg7+ Ke6 40. Rxh7 Kf5 41. Rh5+ Ke6 42. Kf4 a5 43. Rh6+ Kd7 44. h4 a4 45. Ra6 a3
46. h5 Kc7 47. h6 Rh2 48. Kg5 Rg2+ 49. Kf5 Kb7 50. Rxa3 Rh2 51. Kg6 Rg2+ 52.
Rg3 Rh2 53. h7 Rh1 54. Kg7 Rd1 55. Rb3+ Kc7 56. Rc3+ Kb6 57. h8=Q Rg1+ 58. Kf7
Rf1+ 59. Ke7 Rf7+ 60. Kxf7 Kb7 61. Nd6+ Ka6 62. Qa8+ Kb6 63. Rc6# {
diep checkmated} 1-0

[Event "ICS rated blitz match"]
[Site "204.178.125.65"]
[Date "2001.08.20"]
[Round "?"]
[White "Hossa"]
[Black "nyul"]
[Result "1-0"]
[WhiteElo "2609"]
[BlackElo "2058"]
[PlyCount "65"]
[EventDate "2001.??.??"]

1. e4 e5 2. Nf3 Nc6 3. d4 exd4 4. Nxd4 Nxd4 5. Qxd4 Qf6 6. e5 Qb6 7. Qxb6 axb6
8. Nc3 Bb4 9. Bd2 Bxc3 10. Bxc3 Ne7 11. Bc4 O-O 12. f4 Nf5 13. Kf2 d6 14. g4
Nh6 15. h3 dxe5 16. Bxe5 Be6 17. Bd3 c6 18. a4 Rfe8 19. Bc7 Bd5 20. Rhd1 Be4
21. Bxb6 Bxd3 22. Rxd3 Re4 23. Rd4 Rae8 24. Rxe4 Rxe4 25. Be3 f5 26. Kf3 Rc4
27. c3 fxg4+ 28. hxg4 g5 29. Bd4 b5 30. axb5 cxb5 31. fxg5 Nf7 32. Ra8+ Nd8 33.
Rxd8+ {nyul resigns} 1-0

[Event "ICS rated blitz match"]
[Site "204.178.125.65"]
[Date "2001.08.20"]
[Round "?"]
[White "nyul"]
[Black "Hossa"]
[Result "0-1"]
[WhiteElo "2057"]
[BlackElo "2610"]
[PlyCount "41"]
[EventDate "2001.??.??"]

1. e4 c5 2. c4 g6 3. Nc3 Nh6 4. d3 Bg7 5. Nf3 f5 6. h3 fxe4 7. dxe4 Nf7 8. Be3
Bxc3+ 9. bxc3 d6 10. Bd3 O-O 11. O-O Qc7 12. Qd2 e6 13. Bh6 Nxh6 14. Qxh6 Nc6
15. Ng5 Qg7 16. Qxg7+ Kxg7 17. f4 h6 18. Nf3 Rxf4 19. g3 Rf7 20. Rab1 e5 21.
Nh4 {nyul resigns} 0-1

[Event "ICS rated blitz match"]
[Site "204.178.125.65"]
[Date "2001.08.20"]
[Round "?"]
[White "ChesterX"]
[Black "Hossa"]
[Result "0-1"]
[WhiteElo "2754"]
[BlackElo "2611"]
[PlyCount "129"]
[EventDate "2001.??.??"]

1. d4 Nf6 2. c4 e6 3. Nf3 d5 4. e3 c5 5. Nc3 cxd4 6. exd4 Bb4 7. Bd3 dxc4 8.
Bxc4 Qc7 9. Qb3 Nc6 10. O-O O-O 11. Bg5 Ng4 12. Nb5 Qd7 13. Rfd1 h6 14. d5 hxg5
15. dxc6 Qe7 16. h3 Nf6 17. cxb7 Bxb7 18. Nxg5 Rab8 19. Rac1 Bd5 20. Qd3 Qc5
21. Bxd5 Qxb5 22. Nxe6 Qxd3 23. Rxd3 fxe6 24. Bxe6+ Kh7 25. Rc4 Kh6 26. Rh4+
Kg5 27. Rc4 Rb6 28. f4+ Kh6 29. g4 Rxe6 30. Rxb4 Ne4 31. f5 Re7 32. h4 Rfe8 33.
Kg2 Kh7 34. Rc4 Rb7 35. Kf3 Nf6 36. g5 Nd7 37. Kf4 Kg8 38. Rcd4 Ne5 39. Re3
Rbe7 40. h5 a5 41. Rd5 Ng6+ 42. hxg6 Rxe3 43. f6 gxf6 44. gxf6 Kf8 45. Rxa5
R3e4+ 46. Kf5 Re2 47. g7+ Kg8 48. b3 Kh7 49. Kg5 Rg2+ 50. Kh4 Rf2 51. Kg5 Re1
52. g8=Q+ Kxg8 53. Ra8+ Kf7 54. Ra7+ Ke8 55. Ra8+ Kd7 56. Ra7+ Kc6 57. Kg6 Re6
58. Rf7 Rxa2 59. b4 Rg2+ 60. Kh7 Kd6 61. b5 Ke5 62. Rg7 Rh2+ 63. Kg8 Kxf6 64.
Rf7+ Kg5 65. Rd7 {ChesterX resigns} 0-1

[Event "ICS rated blitz match"]
[Site "204.178.125.65"]
[Date "2001.08.21"]
[Round "?"]
[White "Hossa"]
[Black "ChesterX"]
[Result "1/2-1/2"]
[WhiteElo "2633"]
[BlackElo "2732"]
[PlyCount "225"]
[EventDate "2001.??.??"]

1. d4 Nf6 2. c4 e6 3. Nc3 Bb4 4. Bd2 O-O 5. Nf3 Qe7 6. e3 c5 7. a3 cxd4 8. exd4
Ba5 9. Bd3 d5 10. b3 dxc4 11. bxc4 Nc6 12. O-O Rd8 13. Qc2 Nxd4 14. Nxd4 Rxd4
15. Nb5 Bxd2 16. Nxd4 Bf4 17. Rfd1 Be5 18. Be4 Qc5 19. Nf3 Bc7 20. a4 Bb6 21.
Ra2 Rb8 22. Qd3 h6 23. Rb1 Ng4 24. Qf1 f5 25. Bd3 Bd7 26. h3 Ne5 27. Nxe5 Qxe5
28. Qe1 Qxe1+ 29. Rxe1 Rd8 30. Rd1 Bc6 31. Bc2 Rxd1+ 32. Bxd1 Kf7 33. a5 Bc5
34. Ba4 Bxa4 35. Rxa4 e5 36. Ra1 Ke7 37. Rb1 b6 38. a6 Kd6 39. g3 Bd4 40. Rb5
Bc5 41. h4 e4 42. Kg2 Ke5 43. Rb1 Kd4 44. Rc1 g6 45. h5 g5 46. Kf1 Kd3 47. Kg2
Kd2 48. Ra1 f4 49. gxf4 gxf4 50. Kf1 e3 51. Re1 Bb4 52. Re2+ Kd3 53. fxe3 fxe3
54. Rg2 Bd2 55. Rg3 Ba5 56. Rg2 Bb4 57. Rg3 Bd2 58. Rf3 Bc3 59. Rg3 Be5 60. Rg2
Bd4 61. Rg3 Bc5 62. Ke1 Be7 63. Rg2 Bh4+ 64. Kf1 Bf6 65. Ke1 Bd4 66. Kd1 Kxc4
67. Ke2 b5 68. Rg6 b4 69. Rxh6 b3 70. Rc6+ Bc5 71. Rxc5+ Kxc5 72. h6 b2 73. h7
b1=Q 74. h8=Q Qa2+ 75. Kxe3 Qb3+ 76. Ke2 Qc4+ 77. Ke3 Qe6+ 78. Kf3 Qd5+ 79. Ke3
Qg5+ 80. Kf3 Qg1 81. Qc8+ Kb5 82. Qe8+ Kxa6 83. Qc8+ Kb5 84. Qd7+ Kb4 85. Qe7+
Qc5 86. Qb7+ Kc3 87. Qg7+ Kc4 88. Qg8+ Qd5+ 89. Qxd5+ Kxd5 90. Ke3 Kc4 91. Kd2
Kb5 92. Ke2 Kb6 93. Kf2 a5 94. Ke3 Kb5 95. Kd3 a4 96. Kc3 a3 97. Kb3 Kc5 98.
Kc2 Kb4 99. Kb1 Kc4 100. Kc1 Kd3 101. Kb1 Kc4 102. Ka2 Kb4 103. Ka1 Kc4 104.
Kb1 Kb4 105. Kc1 Kc4 106. Kc2 Kb4 107. Kb1 Kb3 108. Ka1 Kb4 109. Ka2 Ka4 110.
Kb1 Kb4 111. Kc2 a2 112. Kb2 a1=Q+ 113. Kxa1 {
Game drawn because neither player has mating material} 1/2-1/2